000
00307nam a2200121Ia 4500
008
190723s9999 xx 000 0 und d
020
_a
978-93-5213-512-7
100
_a
Matthew Kirk
245
0
_a
Thoughtful Machine learning with Python
260
_a
Toky
_b
O Reilly
_c
2017
300
_a
207:p
942
_c
BK
999
_c
1954
_d
1954